000 00445nam a2200169Ia 4500
008 230524s9999 xx 000 0 und d
020 _a9788171947843
082 _a241.644
_bKAN
100 _aS.Kannan
245 0 _aHuman Values and Professional Ethics With Relevant Case Studies
260 _aNEW DELHI
_bTaxmann
_c2010
300 _a180
500 _aQuantity Number: 5
650 _aManagement
700 _a K.Srilakshmi
942 _cBK
999 _c49215
_d49215